| 000 | 00407nam a2200145 i 4500 | ||
|---|---|---|---|
| 001 | 149309 | ||
| 003 | ES-MaACL | ||
| 007 | t| | ||
| 008 | 071019s1971 mx ||||1| spa d | ||
| 100 | 1 |
_aSlyke, Lorenzo P. Van. _9106803 |
|
| 245 | 1 | 3 |
_aLa fuerza motriz del cristianismo / _cLorenzo van Slyke. |
| 260 |
_a[Mexico : _bEl Faro, _c1971] |
||
| 300 |
_a153 p. ; _c21 cm. |
||
| 852 |
_aES-MaACL _jE-9254 _bR.93607 |
||
| 999 |
_c149309 _d149309 |
||